000 01144nam a22002777a 4500
999 _c113226
_d113226
003 dpl
005 20190123115831.0
008 190123b ||||| |||| 00| 0 eng d
010 _aB-075290
020 _c140.00
_a8187482230
035 _aB-075290, B-075294
037 _bCen Lib/Ret
040 _aDPL
_bHN
_c0
082 _a821
_bवाजपे
100 _aवाजपेयी, अशोक
_951215
245 _aइबारत से घिरी मात्राएँ /
_cअशोक वाजपेयी
246 _aIbarat se ghiri matrayean /
_bby Ashok Vajpeyi
260 _aबीकानेर
_bवाग्देवी प्रकाशन
_c2002
270 _bबीकानेर
_e3344001
_aसुगन निवास, चंदंसागर
300 _a144पृ.
_c22सेमी(सजिल्द)
650 _aहिंदी साहित्य
_951216
650 _aहिंदी साहित्य -- कविता
_951217
650 _aHindi literature
_951218
650 _aHindi literature -- Poetry
_951219
942 _2ddc
_cHN
_h821
_mवाजपे